[Event "NATO-ch 26th"]
[Site "Amsterdam"]
[Date "2015.07.07"]
[Round "3.4"]
[White "Krainski, Slawomir"]
[Black "Pedersen, Finn"]
[Result "0-1"]
[WhiteElo "2089"]
[BlackElo "2247"]
[PlyCount "60"]
[EventDate "2015.07.06"]
[EventType "swiss"]
[EventRounds "7"]
[EventCountry "NED"]
[SourceTitle "EXT 2016"]
[Source "ChessBase"]
[SourceDate "2015.10.08"]
[SourceVersion "1"]
[SourceVersionDate "2015.10.08"]
[SourceQuality "1"]
[WhiteTeam "Poland"]
[BlackTeam "Denmark"]
[WhiteTeamCountry "POL"]
[BlackTeamCountry "DEN"]

1. d4 d5 2. c4 c6 3. Nc3 dxc4 4. a4 e5 5. Nf3 exd4 6. Qxd4 Qxd4 7. Nxd4 Bc5 8. Be3 Nf6 9. Nc2 Na6 10. Bxc5 Nxc5 11. f3 Be6 12. Nd4 0-0-0 13. Rd1 Nd5 14. Nxe6 fxe6 15. a5 Nb3 16. a6 b5 17. Ne4 Nb4 18. Rxd8+ Kxd8 19. g3 Nxa6 20. Bh3 Ke7 21. Kf2 Nac5 22. Nc3 Rd8 23. f4 Rd2 24. Bg2 Kd7 25. Rd1 Rxd1 26. Nxd1 a5 27. g4 a4 28. Nc3 Nc1 29. Ke3 b4 30. Nb1 N1b3 0-1

[Event "NATO-ch 26th"]
[Site "Amsterdam"]
[Date "2015.07.07"]
[Round "2.6"]
[White "Pedersen, Finn"]
[Black "Tucker, David Sidney"]
[Result "1-0"]
[WhiteElo "2247"]
[BlackElo "2042"]
[PlyCount "85"]
[EventDate "2015.07.06"]
[EventType "swiss"]
[EventRounds "7"]
[EventCountry "NED"]
[SourceTitle "EXT 2016"]
[Source "ChessBase"]
[SourceDate "2015.10.08"]
[SourceVersion "1"]
[SourceVersionDate "2015.10.08"]
[SourceQuality "1"]
[WhiteTeam "Denmark"]
[BlackTeam "Great Britain"]
[WhiteTeamCountry "DEN"]
[BlackTeamCountry "GBR"]

1. Nf3 Nf6 2. d4 c5 3. e3 b6 4. dxc5 bxc5 5. c4 e6 6. Nc3 Be7 7. e4 d6 8. e5 dxe5 9. Qxd8+ Bxd8 10. Nxe5 Bb7 11. Be3 Nbd7 12. Nxd7 Nxd7 13. 0-0-0 Be7 14. Nb5 Rc8 15. Nxa7 Ra8 16. Nb5 Rxa2 17. Kb1 Ra5 18. f3 Kd8 19. Be2 Bc6 20. Rd3 Bxb5 21. cxb5 Kc8 22. Ra3 Rxa3 23. bxa3 Kb7 24. f4 Kb6 25. Kc2 Ra8 26. Kb3 Nf6 27. a4 Nd5 28. Bd2 Nb4 29. Bc3 Rd8 30. Ra1 Ka5 31. Bxg7 f6 32. Rd1 Nd5 33. f5 exf5 34. Bh6 f4 35. g3 fxg3 36. hxg3 Nb4 37. Bf4 Kb6 38. a5+ Ka7 39. b6+ Kb7 40. Bf3+ Nc6 41. Rxd8 Bxd8 42. Kc4 Be7 43. Kb5 1-0

[Event "DEN-chT 1415 53rd"]
[Site "Denmark"]
[Date "2015.01.25"]
[Round "6.4"]
[White "Pedersen, Finn"]
[Black "Hartvig, Ove Weiss"]
[Result "1/2-1/2"]
[WhiteElo "2278"]
[BlackElo "2199"]
[PlyCount "55"]
[EventDate "2014.10.25"]
[EventType "team-tourn"]
[EventRounds "9"]
[EventCountry "DEN"]
[SourceTitle "EXT 2016"]
[Source "ChessBase"]
[SourceDate "2015.10.08"]
[SourceVersion "1"]
[SourceVersionDate "2015.10.08"]
[SourceQuality "1"]
[WhiteTeam "Aarhus/Skolerne"]
[BlackTeam "Esbjerg"]
[WhiteTeamCountry "DEN"]
[BlackTeamCountry "DEN"]

1. Nf3 Nf6 2. e3 c5 3. Be2 b6 4. 0-0 Bb7 5. d4 e6 6. c4 Be7 7. Nc3 cxd4 8. Nxd4 0-0 9. b3 d5 10. Bf3 Qd7 11. cxd5 Nxd5 12. Bb2 Rd8 13. Rc1 Nxc3 14. Rxc3 e5 15. Bxb7 Qxb7 16. Qf3 Qxf3 17. Nxf3 f6 18. Rfc1 Na6 19. a3 Nc5 20. Ra1 Rd7 21. Kf1 Rad8 22. Ke2 Ne4 23. Rc2 a5 24. Rc4 Nd2 25. Rc3 Ne4 26. Rc4 Nd2 27. Rc3 Ne4 28. Rc4 1/2-1/2

[Event "NATO-ch 25th"]
[Site "Quebec"]
[Date "2014.09.10"]
[Round "4"]
[White "Kruit, Erik"]
[Black "Pedersen, Finn"]
[Result "0-1"]
[WhiteElo "2024"]
[BlackElo "2278"]
[PlyCount "90"]
[EventDate "2014.09.08"]
[EventType "team-swiss"]
[EventRounds "7"]
[EventCountry "CAN"]
[SourceTitle "EXT 2015"]
[Source "ChessBase"]
[SourceDate "2014.11.20"]
[SourceVersion "1"]
[SourceVersionDate "2014.11.20"]
[SourceQuality "1"]
[WhiteTeam "Netherlands"]
[BlackTeam "Denmark"]
[WhiteTeamCountry "NED"]
[BlackTeamCountry "DEN"]

1. e4 c6 2. d4 d5 3. exd5 cxd5 4. c4 Nf6 5. Nc3 e6 6. Nf3 Be7 7. Qb3 0-0 8. Bg5 dxc4 9. Bxc4 Nc6 10. Rd1 Na5 11. Qa4 a6 12. Bd3 b5 13. Qc2 h6 14. Bf4 Bb7 15. Qe2 b4 16. Ne4 Qd5 17. Nxf6+ Bxf6 18. 0-0 Qxa2 19. Bd6 Rfc8 20. Bxb4 Qd5 21. Rfe1 Nb3 22. Qe4 Qxe4 23. Bxe4 Bxe4 24. Rxe4 a5 25. Ba3 Rc4 26. Kf1 Rd8 27. Ke2 Nxd4+ 28. Nxd4 e5 29. f3 exd4 30. Kd3 Rdc8 31. Rde1 Kh7 32. Re8 Kg6 33. Rxc8 Rxc8 34. Re2 Kf5 35. Bd6 h5 36. Bg3 Rc1 37. Re1 Rc5 38. Ra1 Rb5 39. Ra2 a4 40. Bf2 Rb3+ 41. Kc4 d3 42. Rxa4 Rxb2 43. Ra5+ Kf4 44. Bd4 d2 45. Bxf6 gxf6 0-1

[Event "NATO-ch 25th"]
[Site "Quebec"]
[Date "2014.09.08"]
[Round "1"]
[White "Pedersen, Finn"]
[Black "Szczesniak, Andrzej"]
[Result "1-0"]
[WhiteElo "2278"]
[BlackElo "1969"]
[PlyCount "117"]
[EventDate "2014.09.08"]
[EventType "team-swiss"]
[EventRounds "7"]
[EventCountry "CAN"]
[SourceTitle "EXT 2015"]
[Source "ChessBase"]
[SourceDate "2014.11.20"]
[SourceVersion "1"]
[SourceVersionDate "2014.11.20"]
[SourceQuality "1"]
[WhiteTeam "Denmark"]
[BlackTeam "NATO"]
[WhiteTeamCountry "DEN"]

1. d4 Nf6 2. Nf3 e6 3. g3 b5 4. e3 a6 5. a4 b4 6. c4 Bb7 7. Bg2 c5 8. 0-0 Qc7 9. b3 Be7 10. Bb2 d6 11. Nbd2 0-0 12. Qc2 Nbd7 13. Rfe1 Rac8 14. Rad1 h6 15. h3 Qb8 16. e4 cxd4 17. Nxd4 Qa8 18. Nf1 Rfe8 19. Qc1 Nc5 20. Nd2 Bf8 21. Re3 Nfd7 22. f3 Qb8 23. Ne2 Be7 24. Qa1 Bf6 25. Bxf6 Nxf6 26. Nf1 Rcd8 27. Kh2 Qc7 28. Nd4 h5 29. Kh1 Qb6 30. a5 Qc7 31. Nc2 h4 32. g4 d5 33. e5 Nh7 34. cxd5 Rxd5 35. Rxd5 Bxd5 36. Nxb4 Bb7 37. Nc2 Rd8 38. Qc3 Qe7 39. b4 Na4 40. Qa1 Qd7 41. Ra3 Bc6 42. Nce3 Ng5 43. Nc4 Qd4 44. Qxd4 Rxd4 45. Nfe3 Rf4 46. Rd3 Bb5 47. Rd8+ Kh7 48. Nd6 Be2 49. b5 Rb4 50. Kg1 Nc3 51. f4 Nf3+ 52. Bxf3 Bxf3 53. Nxf7 Rb2 54. Ng5+ Kg6 55. Nxf3 Ne2+ 56. Kf1 Ng3+ 57. Ke1 Re2+ 58. Kd1 Rxe3 59. Nxh4+ 1-0

[Event "DEN-chT 1314 52nd"]
[Site "Denmark"]
[Date "2014.02.16"]
[Round "7.5"]
[White "Sylvan, Jacob"]
[Black "Pedersen, Finn"]
[Result "1-0"]
[WhiteElo "2337"]
[BlackElo "2310"]
[PlyCount "81"]
[EventDate "2013.11.02"]
[EventType "team-tourn"]
[EventRounds "9"]
[EventCountry "DEN"]
[SourceTitle "EXT 2015"]
[Source "ChessBase"]
[SourceDate "2014.11.20"]
[SourceVersion "1"]
[SourceVersionDate "2014.11.20"]
[SourceQuality "1"]
[WhiteTeam "Nordkalotten"]
[BlackTeam "Aarhus/Skolerne"]
[WhiteTeamCountry "DEN"]
[BlackTeamCountry "DEN"]

1. e4 c6 2. d4 d5 3. e5 Bf5 4. Nf3 e6 5. Be2 Nd7 6. 0-0 Ne7 7. Nbd2 h6 8. Nb3 Qc7 9. Bd2 f6 10. Re1 fxe5 11. Nxe5 Nxe5 12. dxe5 c5 13. Bh5+ g6 14. Bf3 g5 15. Bh5+ Kd7 16. Be3 b6 17. c4 Rd8 18. cxd5 Nxd5 19. Rc1 Bg7 20. Nxc5+ bxc5 21. Rxc5 Qb7 22. Qa4+ Ke7 23. Rb5 Qxb5 24. Qxb5 Bxe5 25. Bc5+ Kf6 26. Qe2 Bc7 27. Bd4+ Ke7 28. Bxh8 Rxh8 29. Bf3 Nf4 30. Qb5 Rd8 31. g3 Nd3 32. Re3 Kf7 33. Qb7 Rd7 34. Qc8 Re7 35. Qh8 g4 36. Bxg4 Bxg4 37. Rxd3 Bf5 38. Rf3 Kg6 39. g4 Bxg4 40. Rf6+ Kg5 41. Qxh6# 1-0

[Event "DEN-chT 1314 52nd"]
[Site "Denmark"]
[Date "2014.01.26"]
[Round "6.4"]
[White "Bromann, Thorbjorn"]
[Black "Pedersen, Finn"]
[Result "1/2-1/2"]
[WhiteElo "2395"]
[BlackElo "2310"]
[PlyCount "86"]
[EventDate "2013.11.02"]
[EventType "team-tourn"]
[EventRounds "9"]
[EventCountry "DEN"]
[SourceTitle "EXT 2015"]
[Source "ChessBase"]
[SourceDate "2014.11.20"]
[SourceVersion "1"]
[SourceVersionDate "2014.11.20"]
[SourceQuality "1"]
[WhiteTeam "Bronshoj"]
[BlackTeam "Aarhus/Skolerne"]
[WhiteTeamCountry "DEN"]
[BlackTeamCountry "DEN"]

1. d4 d5 2. Bg5 h6 3. Bh4 c6 4. Nf3 Qb6 5. Qc1 g5 6. Bg3 g4 7. Ne5 Qxd4 8. c4 Be6 9. e3 Qb6 10. a4 Nf6 11. a5 Qd8 12. cxd5 cxd5 13. Bb5+ Nfd7 14. Nc3 Bg7 15. 0-0 0-0 16. Nd3 a6 17. Ba4 Bf5 18. Nf4 e6 19. Nh5 Nc6 20. Bf4 Qh4 21. Nxg7 Kxg7 22. Qd2 Rfd8 23. e4 dxe4 24. Bc7 Nde5 25. Bxd8 Rxd8 26. Qf4 Nd3 27. Qe3 Nxa5 28. Nxe4 Nc4 29. Qg3 Qxg3 30. Nxg3 Bg6 31. Bc2 Ncxb2 32. Rfb1 Rd7 33. Nf1 h5 34. Ne3 Rc7 35. Ra3 b5 36. Rb3 Rxc2 37. Nxc2 Nc4 38. Ra1 Nc5 39. Rc3 Ne4 40. Rb3 Nc5 41. Rc3 Ne4 42. Rxc4 bxc4 43. Rxa6 Nxf2 1/2-1/2